000 00455nam a22001817a 4500
003 koha_MIRAKIL
005 20231213065245.0
008 231213b |||||||| |||| 00| 0 ||| d
020 _b978-1-905775-22-4
040 _aTR-IsEVY
_btur
_cTR-IsEVY
082 _a420 MAG/T
100 _aMAGAZINES, MARY GLASGOW.
245 4 _aTHE LOST CHRONICLES PART 2.
260 _bSCHOLASTIC,
_c2008
300 _a[ ] p.
650 _aİngiliz Dili.
942 _2ddc
_cBK
999 _c580
_d580